000 00257nam a2200097Ia 4500
008 220120s9999||||xx |||||||||||||| ||und||
082 _a005.13 SCH
100 _aSchaum's out lines
245 0 _aTheory and Problems of Programming with C
300 _a237p;
_b400
999 _c136395
_d136395